[Event "Mistrzostwa Miedzywojewodzkie Juniorek OP-SL D 15"]
[Site "Szczyrk"]
[Date "2012-10-21"]
[Round "1.1"]
[White "Kowacz, Agnieszka"]
[Black "Binkowska, Agata"]
[Result "0-1"]
[WhiteTitle "II"]
[BlackTitle "I"]
[WhiteElo "1386"]
[BlackElo "1588"]

1. c4 c5 2. Nc3 e6 3. g3 Nf6 4. Bg2 a6 5. Qb3 Nc6 6. e3 d6 7. Qd1 Qc7 8. Nge2 Ne5
9. d3 Be7 10. O-O Rb8 11. b3 O-O 12. a4 Bd7 13. d4 cxd4 14. exd4 Ng6 15. Nf4 b5
16. Qd3 bxc4 17. bxc4 Rfc8 18. Nxg6 hxg6 19. c5 dxc5 20. Bf4 Bd6 21. dxc5 Bxf4
22. gxf4 Qxf4 23. Qxa6 Ng4 24. Qd6 Qxd6 25. cxd6 Rxc3 26. Rab1 Rxb1 27. Rxb1 Bxa4
28. Rb8+ Kh7 29. Rb7 Rc1+ 30. Bf1 Ne5 31. f4 Nd7 32. Kf2 Rd1 33. Ra7 Bc6 34. Bg2
Rd2+ 0-1

[Event "Mistrzostwa Miedzywojewodzkie Juniorek OP-SL D 15"]
[Site "Szczyrk"]
[Date "2012-10-21"]
[Round "1.3"]
[White "Mielczarek, Joanna"]
[Black "Sendobry, Anna"]
[Result "1-0"]
[WhiteTitle "I"]
[BlackTitle "II"]
[WhiteElo "1432"]
[BlackElo "1328"]

1. e4 e5 2. Nf3 Nc6 3. Bc4 Bc5 4. c3 Nf6 5. d3 h6 6. Nbd2 O-O 7. Nf1 Ng4 8. Be3
Nxe3 9. fxe3 Be7 10. Ng3 d6 11. O-O Na5 12. Bb5 a6 13. Ba4 b5 14. Bc2 Bg4 15.
Nf5 Bxf5 16. exf5 Nc6 17. d4 Bg5 18. Nxg5 Qxg5 19. Rf3 Qf6 20. Be4 d5 21. Bxd5
Rad8 22. Bxc6 Qxc6 23. Qf1 exd4 24. exd4 Qf6 25. Re1 Rfe8 26. Rfe3 Rxe3 27. Rxe3
Rd5 28. Rf3 c5 29. dxc5 Rxc5 30. Qd3 Re5 31. Kf1 Re8 32. Qd4 Qg5 33. Qf4 Qe7 34.
Kg1 Qc5+ 35. Qd4 Re1+ 36. Kf2 Qxd4+ 37. cxd4 Rc1 38. Re3 Rc4 39. Re4 Kh7 40. b3
Rc7 41. d5 Rd7 42. Rd4 g6 43. fxg6+ Kxg6 44. Ke3 Kf5 45. d6 Ke6 46. Rh4 Rxd6 47.
Rxh6+ Ke5 48. Rxd6 Kxd6 49. g4 Ke5 50. h4 a5 51. h5 b4 52. Kd3 1-0

[Event "Mistrzostwa Miedzywojewodzkie Juniorek OP-SL D 15"]
[Site "Szczyrk"]
[Date "2012-10-21"]
[Round "1.4"]
[White "Kaszok, Weronika"]
[Black "Rolka, Anna"]
[Result "0-1"]
[WhiteTitle "II"]
[BlackTitle "II"]
[WhiteElo "1386"]
[BlackElo "1515"]

1. e4 c5 2. Nf3 d6 3. d4 cxd4 4. Nxd4 Nf6 5. Nc3 a6 6. h3 e6 7. g4 h6 8. Bg2 Qc7
9. f4 Nc6 10. Be3 Bd7 11. f5 e5 12. Nb3 g6 13. fxg6 fxg6 14. Rf1 Be7 15. Nd5 Nxd5
16. exd5 Bh4+ 17. Bf2 Bxf2+ 18. Rxf2 Ne7 19. Qf3 O-O-O 20. Qf7 Bb5 21. Be4 g5
22. Rf3 Kb8 23. Rc3 Rdf8 24. Qg7 Qd8 25. O-O-O Qe8 26. Rf3 Rxf3 27. Bxf3 Qf8 28.
Qxf8+ Rxf8 29. Be4 Rf4 30. Nd2 Ng8 31. b3 Nf6 32. Re1 Nxe4 33. Nxe4 Kc7 34. c4
Be8 35. Kd2 Bg6 36. Kd3 Rf3+ 37. Re3 Rf4 38. b4 Kb6 39. a3 a5 40. b5 Bxe4+ 41.
Rxe4 Rxe4 42. Kxe4 Kc5 43. Kd3 a4 44. Ke3 e4 0-1

[Event "Mistrzostwa Miedzywojewodzkie Juniorek OP-SL D 15"]
[Site "Szczyrk"]
[Date "2012-10-21"]
[Round "2.1"]
[White "Sendobry, Anna"]
[Black "Kaszok, Weronika"]
[Result "1-0"]
[WhiteTitle "II"]
[BlackTitle "II"]
[WhiteElo "1328"]
[BlackElo "1386"]

1. e4 e6 2. d4 d5 3. Nc3 dxe4 4. Nxe4 Nd7 5. Nf3 Ngf6 6. Bd3 Be7 7. O-O O-O 8.
c3 c5 9. Qc2 h6 10. Be3 b6 11. Rad1 Qc7 12. Qc1 Ng4 13. Bf4 e5 14. dxe5 Ndxe5
15. Nxe5 Nxe5 16. Bxh6 Qc6 17. Bxg7 Kxg7 18. Ng5 Nxd3 19. Rxd3 Bxg5 20. Rg3 Rg8
21. Qxg5+ Kf8 22. Qd8+ Qe8 23. Rxg8+ 1-0

[Event "Mistrzostwa Miedzywojewodzkie Juniorek OP-SL D 15"]
[Site "Szczyrk"]
[Date "2012-10-21"]
[Round "2.2"]
[White "Grzesiek, Wiktoria"]
[Black "Mielczarek, Joanna"]
[Result "0-1"]
[WhiteTitle "II"]
[BlackTitle "I"]
[WhiteElo "1376"]
[BlackElo "1432"]

1. e4 e5 2. d4 exd4 3. Nf3 Bc5 4. Bc4 Nc6 5. c3 Nge7 6. cxd4 Bb4+ 7. Nbd2 O-O 8.
O-O Bxd2 9. Bxd2 d5 10. exd5 Nxd5 11. Qb3 Nb6 12. Bxf7+ Rxf7 13. Ng5 Qd5 14. Qxd5
Nxd5 15. Nxf7 Kxf7 16. Be3 Bf5 17. a3 Na5 18. Rac1 Nb3 19. Rcd1 Bc2 20. Rde1 Bd3
0-1

[Event "Mistrzostwa Miedzywojewodzkie Juniorek OP-SL D 15"]
[Site "Szczyrk"]
[Date "2012-10-21"]
[Round "2.3"]
[White "Binkowska, Agata"]
[Black "Kotula, Magdalena"]
[Result "1-0"]
[WhiteTitle "I"]
[BlackTitle "II+"]
[WhiteElo "1588"]
[BlackElo "1478"]

1. d4 c5 2. e3 cxd4 3. exd4 Nf6 4. Nf3 Nc6 5. Nbd2 d5 6. Nb3 Bf5 7. Bd3 Bg6 8.
Bf4 e6 9. Qe2 Bd6 10. Bxg6 hxg6 11. Ne5 Rc8 12. c3 Rh4 13. g3 Rh5 14. O-O-O Bxe5
15. dxe5 Nd7 16. g4 Rh3 17. Rhe1 g5 18. Bg3 Qb6 19. Kb1 a5 20. Qd2 a4 21. Nd4
Nxd4 22. Qxd4 Rc4 23. Qxb6 Nxb6 24. f3 a3 25. Rd4 axb2 26. Kxb2 Na4+ 27. Kb3 Nxc3
28. Rxc4 dxc4+ 29. Kxc3 Rh6 30. Rb1 f5 31. Rxb7 f4 32. a4 fxg3 33. hxg3 Rh1 34.
Kxc4 Ra1 35. Kb5 g6 36. a5 Kd8 37. Rg7 Rb1+ 38. Ka6 Kc8 39. Rxg6 1-0

[Event "Mistrzostwa Miedzywojewodzkie Juniorek OP-SL D 15"]
[Site "Szczyrk"]
[Date "2012-10-21"]
[Round "2.4"]
[White "Szablicka, Magda"]
[Black "Kowacz, Agnieszka"]
[Result "1-0"]
[WhiteTitle "II"]
[BlackTitle "II"]
[WhiteElo "1443"]
[BlackElo "1386"]

1. e4 d5 2. exd5 Qxd5 3. Nc3 Qa5 4. Nf3 Nf6 5. Bc4 Bf5 6. O-O e6 7. d3 c6 8. h3
Bd6 9. Re1 O-O 10. Bd2 Qc7 11. Qe2 Nbd7 12. Rad1 b5 13. Bb3 a5 14. a3 Nb6 15.
Be3 Rfe8 16. Ne4 Be7 17. Nxf6+ Bxf6 18. Bd4 Be7 19. Qe5 Qxe5 20. Bxe5 Nd7 21.
Bg3 Bf6 22. Be5 c5 23. Bxf6 Nxf6 24. g4 Bg6 25. Ne5 Rac8 26. Re2 Rc7 27. Rde1
Rd8 28. Re3 Kf8 29. h4 Rd4 30. f3 c4 31. dxc4 bxc4 32. Rc3 Nd7 33. Nxd7+ Rcxd7
34. Bxc4 Rd1 35. Kf1 h6 36. h5 Bh7 37. Bb5 R7d5 38. Rc8+ Ke7 39. Rc7+ Kd8 40.
Rxd1 Kxc7 41. Rxd5 exd5 42. c3 Kb6 43. Be8 f6 44. Ke2 Kc5 45. b4+ axb4 46. cxb4+
Kc4 47. b5 Bd3+ 48. Kd2 Kd4 49. a4 Bc4 50. a5 Kc5 51. a6 Kb6 52. Ke3 Bf1 53. Bc6
Bc4 54. Kd4 Be2 55. Bxd5 Bxb5 56. Bb7 Bd7 57. Kd5 Bb5 58. Ke6 Bc4+ 59. Kf5 Bd3+
60. Be4 1-0

[Event "Mistrzostwa Miedzywojewodzkie Juniorek OP-SL D 15"]
[Site "Szczyrk"]
[Date "2012-10-21"]
[Round "3.1"]
[White "Kotula, Magdalena"]
[Black "Szablicka, Magda"]
[Result "1-0"]
[WhiteTitle "II+"]
[BlackTitle "II"]
[WhiteElo "1478"]
[BlackElo "1443"]

1. e4 e5 2. Nf3 Nc6 3. Bb5 Bc5 4. O-O d6 5. c3 a6 6. Bxc6+ bxc6 7. d4 exd4 8. cxd4
Bb6 9. e5 Be6 10. Nc3 Ne7 11. Ng5 Qd7 12. Re1 O-O 13. Nce4 h6 14. Nxe6 fxe6 15.
Bxh6 gxh6 16. Nf6+ Rxf6 17. exf6 Nd5 18. Qg4+ Kf8 19. Qh4 h5 20. Qxh5 Nxf6 21.
Qh8+ Ng8 22. Re3 Re8 23. Rg3 Ke7 24. Rg7+ Kd8 25. Rxd7+ Kxd7 1-0

[Event "Mistrzostwa Miedzywojewodzkie Juniorek OP-SL D 15"]
[Site "Szczyrk"]
[Date "2012-10-21"]
[Round "3.2"]
[White "Mielczarek, Joanna"]
[Black "Binkowska, Agata"]
[Result "1-0"]
[WhiteTitle "I"]
[BlackTitle "I"]
[WhiteElo "1432"]
[BlackElo "1588"]

1. e4 e6 2. d4 d5 3. exd5 exd5 4. Bd3 Nc6 5. c3 Bd6 6. Be3 Nge7 7. Qc2 f5 8. Ne2
Rf8 9. Bf4 Be6 10. Nd2 Ng6 11. Bxd6 Qxd6 12. Nf3 O-O-O 13. O-O-O Bd7 14. g3 Nce7
15. Ng5 h6 16. Nh3 Qb6 17. Rde1 Qa5 18. Kb1 Rf6 19. Nhf4 Nf8 20. h4 Rb6 21. Nc1
Ne6 22. Nb3 Qa4 23. Nxe6 Bxe6 24. Nc5 Qxc2+ 25. Bxc2 Rdd6 26. Re5 Ng6 27. Rxe6
Rxe6 28. Nxe6 Rxe6 29. Bxf5 Kd7 30. Re1 Nf8 31. Bxe6+ Nxe6 32. Kc2 Kd6 33. Kd3
Nd8 34. f4 Nc6 35. Re3 Nb8 36. Re8 Nd7 37. Rg8 Nf6 38. Rxg7 Nh5 39. Rg6+ Ke7 40.
Ke3 Nf6 41. Kf3 h5 42. f5 Kf7 43. Kf4 Ne4 44. Re6 Nf2 45. Kg5 Ne4+ 46. Rxe4 dxe4
47. Kf4 e3 48. Kxe3 Kf6 49. Kf4 a5 50. c4 a4 51. b3 1-0

[Event "Mistrzostwa Miedzywojewodzkie Juniorek OP-SL D 15"]
[Site "Szczyrk"]
[Date "2012-10-21"]
[Round "3.3"]
[White "Kaszok, Weronika"]
[Black "Grzesiek, Wiktoria"]
[Result "1-0"]
[WhiteTitle "II"]
[BlackTitle "II"]
[WhiteElo "1386"]
[BlackElo "1376"]

1. d4 g6 2. Nc3 Bg7 3. e4 d6 4. Bc4 Nd7 5. Nf3 h6 6. O-O e5 7. Be3 Ne7 8. Qc1 f5
9. exf5 Nxf5 10. dxe5 Nxe5 11. Nxe5 Bxe5 12. Bf4 Qf6 13. Re1 Bd7 14. Nd5 Qd8 15.
Bxe5 dxe5 16. Rxe5+ Kf8 17. Nf4 Qf6 18. Qe1 b6 19. Rd1 Bc6 20. Re6 Qg5 21. Nxg6+
Kg7 22. Rxc6 Rhe8 23. Rd7+ Ne7 24. Nxe7 Kh8 25. Qc3+ 1-0

[Event "Mistrzostwa Miedzywojewodzkie Juniorek OP-SL D 15"]
[Site "Szczyrk"]
[Date "2012-10-21"]
[Round "3.4"]
[White "Rolka, Anna"]
[Black "Sendobry, Anna"]
[Result "1/2-1/2"]
[WhiteTitle "II"]
[BlackTitle "II"]
[WhiteElo "1515"]
[BlackElo "1328"]

1. d4 e6 2. Nf3 d5 3. e3 Nf6 4. Bd3 c5 5. b3 Be7 6. Bb2 O-O 7. O-O Nc6 8. Ne5 Nd7
9. f4 f5 10. Nd2 cxd4 11. exd4 Nf6 12. Ndf3 Ne4 13. Nxc6 bxc6 14. Ne5 Bb7 15.
Qh5 Qe8 16. Qxe8 Raxe8 17. g4 g6 18. a4 a5 19. Ba3 Bxa3 20. Rxa3 Re7 21. g5 Rc8
22. Raa1 c5 23. dxc5 Rxc5 24. Rfd1 Kg7 25. c4 h6 26. h4 hxg5 27. hxg5 Rc8 28.
Nf3 Nc5 29. Nd4 Nxd3 30. Rxd3 dxc4 31. bxc4 1/2-1/2

[Event "Mistrzostwa Miedzywojewodzkie Juniorek OP-SL D 15"]
[Site "Szczyrk"]
[Date "2012-10-21"]
[Round "4.1"]
[White "Grzesiek, Wiktoria"]
[Black "Rolka, Anna"]
[Result "1-0"]
[WhiteTitle "II"]
[BlackTitle "II"]
[WhiteElo "1376"]
[BlackElo "1515"]

1. e4 c5 2. Nf3 d6 3. d4 cxd4 4. Nxd4 Nf6 5. Nc3 a6 6. f3 e6 7. Be3 Nbd7 8. Qd2
Qc7 9. g4 h6 10. O-O-O Ne5 11. h4 h5 12. g5 Nfd7 13. Be2 g6 14. Rhg1 Bg7 15. f4
Nc4 16. Bxc4 Qxc4 17. f5 e5 18. f6 Bf8 19. Nb3 Kd8 20. Qf2 a5 21. Nd5 Ra6 22.
Nb6 Qxe4 23. Nxd7 Bxd7 24. Nxa5 Kc8 25. Nb3 Rxa2 26. Rd3 Ra6 27. Rgd1 Be6 28.
Rc3+ Kb8 29. Kb1 Bxb3 30. Rxb3 d5 31. Qe2 Rc6 32. Qd2 d4 33. Bf2 Bd6 34. Re1 Qd5
35. Qd3 Rhc8 36. Rb5 Qc4 37. Qxc4 Rxc4 38. Re2 Kc7 39. Bg3 Kc6 40. Rb3 Re8 41.
Kc1 Rc5 42. Bf2 Ra8 43. Kd2 Rb5 44. Rxb5 Kxb5 45. Bg3 Re8 46. Bf2 Kc4 47. b3+
Kd5 48. c4+ Kc5 49. Kd3 Kb4 50. Bxd4 Bc7 51. Bc3+ Kc5 52. b4+ Kc6 53. Ke4 b6 54.
Rd2 Re6 55. Rd5 Bd6 56. b5+ Kc7 57. Bb2 Kd7 58. Bxe5 Rxe5+ 59. Rxe5 1-0

[Event "Mistrzostwa Miedzywojewodzkie Juniorek OP-SL D 15"]
[Site "Szczyrk"]
[Date "2012-10-21"]
[Round "4.2"]
[White "Binkowska, Agata"]
[Black "Kaszok, Weronika"]
[Result "1-0"]
[WhiteTitle "I"]
[BlackTitle "II"]
[WhiteElo "1588"]
[BlackElo "1386"]

1. e4 c6 2. d4 d5 3. exd5 cxd5 4. Bd3 Nc6 5. c3 Qc7 6. Nf3 Bg4 7. h3 Bh5 8. Be3
e6 9. Nbd2 Bd6 10. Qb3 Nge7 11. O-O h6 12. c4 dxc4 13. Bxc4 O-O 14. Rac1 Qd8 15.
Qb5 Bg6 16. Nh4 Qa5 17. Nxg6 Nxg6 18. Qxb7 Nce7 19. Qe4 Rab8 20. Bxe6 Kh8 21.
Bb3 Nf5 22. Nc4 Qb5 23. d5 Qd7 24. Nxd6 Nxd6 25. Qd4 Nf5 26. Qxa7 Rb7 27. Qa6
Ne5 28. Rfd1 Rd8 29. Qe2 Qe8 30. Bf4 Re7 31. Qh5 Nd6 32. Bc2 1-0

[Event "Mistrzostwa Miedzywojewodzkie Juniorek OP-SL D 15"]
[Site "Szczyrk"]
[Date "2012-10-21"]
[Round "4.3"]
[White "Szablicka, Magda"]
[Black "Mielczarek, Joanna"]
[Result "1-0"]
[WhiteTitle "II"]
[BlackTitle "I"]
[WhiteElo "1443"]
[BlackElo "1432"]

1. e4 e5 2. Nf3 Nc6 3. Bc4 Nf6 4. Nc3 Bc5 5. d3 d6 6. Bg5 h6 7. Bxf6 Qxf6 8. Nd5
Qd8 9. Qd2 Bg4 10. a4 Bxf3 11. gxf3 Nd4 12. O-O-O Nxf3 13. Qe2 Nd4 14. Qg4 Ne6
15. f4 exf4 16. Nxf4 Be3+ 17. Kb1 Nxf4 18. Qf3 Qd7 19. Qxe3 Ne6 20. b3 O-O-O 21.
Qxa7 c6 22. Rdf1 Rdf8 23. Bxe6 Qxe6 24. a5 Qd7 25. Rf2 Kd8 26. Rhf1 f6 27. a6
bxa6 28. Qxa6 Ke7 29. Qa5 Ra8 30. Qc3 Ra6 31. Rxf6 Ke8 32. Rf7 Qg4 33. Rxg7 Qe2
34. Qf6 1-0

[Event "Mistrzostwa Miedzywojewodzkie Juniorek OP-SL D 15"]
[Site "Szczyrk"]
[Date "2012-10-21"]
[Round "4.4"]
[White "Kowacz, Agnieszka"]
[Black "Kotula, Magdalena"]
[Result "1/2-1/2"]
[WhiteTitle "II"]
[BlackTitle "II+"]
[WhiteElo "1386"]
[BlackElo "1478"]

1. g3 e5 2. c4 Nf6 3. Bg2 Nc6 4. Nc3 d6 5. e3 g6 6. Nge2 Bg7 7. Rb1 a5 8. O-O Be6
9. d3 O-O 10. Nd5 Qd7 11. Qb3 Rfb8 12. Bd2 Bh3 13. a3 Bxg2 14. Kxg2 Qg4 15. f3
Qd7 16. Nec3 h5 17. Qb5 g5 18. Nxf6+ Bxf6 19. Nd5 Bg7 20. Bxa5 Rc8 21. Bc3 Rab8
22. Qa4 Ra8 23. Qc2 f5 24. e4 f4 25. Qe2 fxg3 26. hxg3 h4 27. g4 1/2-1/2

[Event "Mistrzostwa Miedzywojewodzkie Juniorek OP-SL D 15"]
[Site "Szczyrk"]
[Date "2012-10-21"]
[Round "5.1"]
[White "Mielczarek, Joanna"]
[Black "Kowacz, Agnieszka"]
[Result "1-0"]
[WhiteTitle "I"]
[BlackTitle "II"]
[WhiteElo "1432"]
[BlackElo "1386"]

1. e4 c5 2. Nf3 e6 3. d4 cxd4 4. Nxd4 a6 5. Nc3 Bc5 6. Be3 Qc7 7. Be2 b5 8. a3
Bb7 9. b4 Be7 10. Qd3 Bf6 11. O-O Nc6 12. f4 d6 13. Rad1 Bxd4 14. Bxd4 e5 15.
Nd5 Qd8 16. Bb6 Qd7 17. Nc7+ Ke7 18. Nxa8 Bxa8 19. Bc5 Nd4 20. Bxd4 exd4 21. Qxd4
f6 22. e5 Kf7 23. Qxd6 Qb7 24. e6+ Kg6 25. f5+ Kh6 26. Qd2+ g5 27. fxg6+ Kxg6
28. Qd3+ Kh6 29. Qh3+ Kg7 30. Rd7+ Ne7 31. Qg4+ Kf8 32. Rd8# 1-0

[Event "Mistrzostwa Miedzywojewodzkie Juniorek OP-SL D 15"]
[Site "Szczyrk"]
[Date "2012-10-21"]
[Round "5.2"]
[White "Kaszok, Weronika"]
[Black "Szablicka, Magda"]
[Result "0-1"]
[WhiteTitle "II"]
[BlackTitle "II"]
[WhiteElo "1386"]
[BlackElo "1443"]

1. e4 e5 2. Nf3 Nc6 3. d4 exd4 4. Nxd4 Nxd4 5. Qxd4 Qe7 6. Be3 Qb4+ 7. Qxb4 Bxb4+
8. c3 Ba5 9. Bc4 Ne7 10. O-O O-O 11. Nd2 d6 12. Rad1 Be6 13. Bb3 Bb6 14. Bd4 Nc6
15. Nc4 Rfe8 16. Rfe1 h6 17. Kh1 Bxc4 18. Bxc4 Nxd4 19. cxd4 Rad8 20. f3 c6 21.
d5 Ba5 22. Re2 c5 23. f4 a6 24. a4 Rb8 25. Rf1 b5 26. axb5 axb5 27. Ba2 c4 28.
Rc1 f6 29. h4 h5 30. Kh2 Kh8 31. Kh3 g6 32. Rce1 Rbc8 33. g4 Rc5 34. f5 gxf5 35.
gxf5 c3 36. b3 b4 37. Bb1 Bb6 38. Rc1 Rc7 39. Rg2 Rg8 40. Rcc2 Bd4 41. Rxg8+ Kxg8
42. Ra2 Be5 43. Bc2 Rg7 44. Bd1 Rg3+ 45. Kh2 Rd3+ 0-1

[Event "Mistrzostwa Miedzywojewodzkie Juniorek OP-SL D 15"]
[Site "Szczyrk"]
[Date "2012-10-21"]
[Round "5.3"]
[White "Rolka, Anna"]
[Black "Binkowska, Agata"]
[Result "0-1"]
[WhiteTitle "II"]
[BlackTitle "I"]
[WhiteElo "1515"]
[BlackElo "1588"]

1. b4 e5 2. Bb2 d6 3. a3 g6 4. e3 Bg7 5. c4 Nd7 6. Qc2 b6 7. Nf3 Bb7 8. Be2 f5
9. d4 e4 10. Nfd2 Qg5 11. Bf1 Ba6 12. Qa4 Bc8 13. Qc6 Rb8 14. Qxc7 Qe7 15. Qxa7
f4 16. Nc3 fxe3 17. fxe3 Qh4+ 18. g3 Qg5 19. Nd1 Ngf6 20. d5 O-O 21. Qa4 Ne5 22.
Qb3 Bg4 23. Bxe5 Qxe5 24. Ra2 Nh5 25. Rg1 Qf5 26. h3 Bxh3 27. Bxh3 Qxh3 28. Nxe4
Be5 29. Rag2 Rbe8 30. Ndf2 Qd7 31. g4 Nf6 32. Nxf6+ Bxf6 33. g5 Bd4 34. Nd1 Bxe3
35. Nxe3 Rxe3+ 36. Qxe3 Re8 37. Qxe8+ Qxe8+ 38. Re2 Qc8 39. Rf1 h6 40. gxh6 Qg4
41. Rh1 Qg3+ 42. Kd2 Qf4+ 43. Kd1 Qd4+ 44. Kc2 Qxc4+ 45. Kd2 Qxd5+ 46. Kc3 Qxh1
47. Rd2 Qc6+ 48. Kb3 Kh7 0-1

[Event "Mistrzostwa Miedzywojewodzkie Juniorek OP-SL D 15"]
[Site "Szczyrk"]
[Date "2012-10-21"]
[Round "5.4"]
[White "Sendobry, Anna"]
[Black "Grzesiek, Wiktoria"]
[Result "1-0"]
[WhiteTitle "II"]
[BlackTitle "II"]
[WhiteElo "1328"]
[BlackElo "1376"]

1. e4 c5 2. Nf3 Nc6 3. d4 cxd4 4. Nxd4 Nf6 5. Nc3 e5 6. Ndb5 d6 7. Bg5 a6 8. Na3
b5 9. Nd5 Be7 10. Nxf6+ Bxf6 11. Bxf6 Qxf6 12. Qd5 Bb7 13. Rd1 Rd8 14. Nxb5 O-O
15. Na3 Ba8 16. Qd2 a5 17. c3 Qg6 18. f3 Ne7 19. Bd3 Qe6 20. O-O d5 21. Bc4 Qb6+
22. Qf2 Qxf2+ 23. Kxf2 dxc4 24. Nxc4 Nc6 25. Ke2 f6 26. Ke3 Bb7 27. Rd5 Ba6 28.
Rc5 Rc8 29. Rd1 Bxc4 30. Rxc4 Rf7 31. Rd5 Rfc7 32. Rdc5 Kf7 33. b4 axb4 34. cxb4
Ke6 35. b5 Kd6 36. bxc6 Rxc6 37. Rxc6+ Rxc6 38. Rxc6+ Kxc6 39. Kd3 Kb5 40. Kc3
h6 41. h3 g6 42. a4+ Kc5 43. a5 Kb5 44. a6 Kxa6 45. Kc4 h5 46. Kd5 Kb5 47. Ke6
Kc5 48. Kxf6 Kd4 49. Kxg6 Ke3 50. Kxh5 Kf4 51. Kg6 Kg3 52. Kf5 Kxg2 53. Kxe5 Kxh3
54. Kf5 Kg3 55. e5 Kxf3 56. e6 Ke3 57. e7 1-0

[Event "Mistrzostwa Miedzywojewodzkie Juniorek OP-SL D 15"]
[Site "Szczyrk"]
[Date "2012-10-21"]
[Round "6.1"]
[White "Binkowska, Agata"]
[Black "Sendobry, Anna"]
[Result "1-0"]
[WhiteTitle "I"]
[BlackTitle "II"]
[WhiteElo "1588"]
[BlackElo "1328"]

1. e4 e5 2. Nf3 Nc6 3. c3 Nf6 4. d4 exd4 5. e5 Ng8 6. cxd4 d5 7. Nc3 Bb4 8. Be2
Bf5 9. O-O Nge7 10. Qb3 Ba5 11. Rd1 Bb6 12. Be3 O-O 13. Nh4 Be6 14. a3 a6 15.
Qc2 Ng6 16. Nxg6 fxg6 17. b4 Qd7 18. Qb3 Ne7 19. Bf3 c6 20. a4 Nf5 21. Rac1 Nxe3
22. fxe3 Rac8 23. b5 Ba5 24. Ne2 Rfd8 25. Nf4 Bf7 26. b6 Qe7 27. Rc5 Bxb6 28.
Qxb6 Rd7 29. Bg4 Rcc7 30. Bxd7 Rxd7 31. Rc3 Be6 32. Qc5 Qf7 33. Rf1 Bf5 34. e6
Qe8 35. exd7 Bxd7 36. Kh1 Bf5 37. Rb3 Bc8 38. Rxb7 Bxb7 39. Ne6 h6 40. Rf8+ Qxf8
41. Qxf8+ Kh7 42. Qxg7# 1-0

[Event "Mistrzostwa Miedzywojewodzkie Juniorek OP-SL D 15"]
[Site "Szczyrk"]
[Date "2012-10-21"]
[Round "6.2"]
[White "Szablicka, Magda"]
[Black "Rolka, Anna"]
[Result "0-1"]
[WhiteTitle "II"]
[BlackTitle "II"]
[WhiteElo "1443"]
[BlackElo "1515"]

1. e4 c5 2. f4 d6 3. Nf3 Nf6 4. Nc3 a6 5. a4 Nc6 6. Bc4 e6 7. d4 d5 8. exd5 exd5
9. Ba2 Nb4 10. O-O Be7 11. Re1 O-O 12. b3 Qc7 13. Bb1 cxd4 14. Ne2 d3 15. cxd3
Nc6 16. Qc2 Qb6+ 17. Kh1 Nb4 18. Qd2 Ng4 19. Ned4 Bf6 20. Bb2 Nc6 21. Nxc6 Qxc6
22. Bxf6 Nxf6 23. Qb4 Be6 24. Ne5 Qc7 25. Ra2 Rac8 26. Rc2 Qb8 27. Ree2 Rxc2 28.
Rxc2 Rc8 29. Rc5 Nd7 30. Nxd7 Bxd7 31. g3 Rxc5 32. Qxc5 Qc8 33. Qxc8+ Bxc8 34.
d4 a5 35. Bd3 Bd7 36. Kg2 h6 37. Kf3 Kf8 38. h4 Ke7 39. g4 f6 40. f5 Kf7 41. Kf4
Ke7 42. g5 Kd6 43. Kg4 Be8 44. Bb5 h5+ 45. Kf4 Bxb5 46. axb5 Kc7 47. Ke3 Kb6 48.
Kd3 Kxb5 49. Kc3 a4 50. b4 a3 51. Kb3 a2 52. Kxa2 Kxb4 53. Kb2 b5 54. g6 Kc4 55.
Ka3 Kc3 56. Ka2 b4 57. Kb1 Kb3 58. Ka1 Kc2 59. Ka2 b3+ 60. Ka3 b2 61. Kb4 b1=Q+
62. Kc5 Qb7 63. Kd6 Kd3 64. Ke6 Kxd4 65. Kd6 Qb8+ 66. Ke7 Qg8 0-1

[Event "Mistrzostwa Miedzywojewodzkie Juniorek OP-SL D 15"]
[Site "Szczyrk"]
[Date "2012-10-21"]
[Round "6.3"]
[White "Kowacz, Agnieszka"]
[Black "Kaszok, Weronika"]
[Result "1/2-1/2"]
[WhiteTitle "II"]
[BlackTitle "II"]
[WhiteElo "1386"]
[BlackElo "1386"]

1. e4 e5 2. c4 Nf6 3. Nc3 d6 4. g3 b6 5. Bg2 Bb7 6. d3 Nbd7 7. Nge2 g6 8. h3 Bg7
9. b4 a6 10. a3 a5 11. Be3 c6 12. b5 Nc5 13. Bxc5 bxc5 14. bxc6 Bxc6 15. Nd5 Bxd5
16. exd5 O-O 17. O-O Nd7 18. Rb1 f5 19. f4 Rb8 20. Qd2 Qc7 21. Kh2 Rfe8 22. Rfe1
Qa7 23. Rf1 Nb6 24. Rb5 Ra8 25. Rfb1 Reb8 26. Qc2 Nd7 27. Qa4 Nb6 28. Qc2 Nd7
29. Qd2 Qc7 30. Nc1 Bf6 31. Rxb8+ Rxb8 32. Rxb8+ Nxb8 33. Nb3 Bd8 34. Nc1 Nd7
35. Ne2 Qb6 36. Qc2 Bf6 1/2-1/2

[Event "Mistrzostwa Miedzywojewodzkie Juniorek OP-SL D 15"]
[Site "Szczyrk"]
[Date "2012-10-21"]
[Round "6.4"]
[White "Kotula, Magdalena"]
[Black "Mielczarek, Joanna"]
[Result "1/2-1/2"]
[WhiteTitle "II+"]
[BlackTitle "I"]
[WhiteElo "1478"]
[BlackElo "1432"]

1. e4 d6 2. d4 g6 3. Nf3 Bg7 4. Nc3 Nf6 5. Bd3 Nbd7 6. O-O O-O 7. e5 dxe5 8. dxe5
Ng4 9. e6 fxe6 10. Qe2 Nc5 11. Bc4 a5 12. h3 Nf6 13. Ng5 Nd5 14. Nce4 Nxe4 15.
Qxe4 Rf6 16. Re1 h6 17. Nf3 c6 18. Bd2 b5 19. Bxd5 cxd5 20. Qd3 Kh7 21. Bc3 Rf8
22. Bxg7 Kxg7 23. Nd4 Qb6 24. Re2 1/2-1/2

[Event "Mistrzostwa Miedzywojewodzkie Juniorek OP-SL D 15"]
[Site "Szczyrk"]
[Date "2012-10-21"]
[Round "7.1"]
[White "Kaszok, Weronika"]
[Black "Kotula, Magdalena"]
[Result "0-1"]
[WhiteTitle "II"]
[BlackTitle "II+"]
[WhiteElo "1386"]
[BlackElo "1478"]

1. g3 d5 2. Bg2 e5 3. d3 Nf6 4. e4 dxe4 5. dxe4 Qxd1+ 6. Kxd1 Bc5 7. f3 Be6 8.
Ne2 Nc6 9. c3 O-O-O 10. Kc2 Bc4 11. b4 Bxb4 12. cxb4 Bxe2 13. a3 Nd4+ 14. Kc3
Nxf3 15. Bxf3 Bxf3 16. Rf1 Bxe4 17. Nd2 Bg6 18. Nf3 e4 19. Ne5 Nd5+ 20. Kb2 f6
21. Nxg6 hxg6 22. h4 e3 23. Re1 Rhe8 24. Re2 Re4 25. Kc2 f5 26. Bb2 Rd7 27. Rd1
Rg4 28. Be5 c6 29. Rde1 Re7 30. Bd4 0-1

[Event "Mistrzostwa Miedzywojewodzkie Juniorek OP-SL D 15"]
[Site "Szczyrk"]
[Date "2012-10-21"]
[Round "7.2"]
[White "Rolka, Anna"]
[Black "Kowacz, Agnieszka"]
[Result "1-0"]
[WhiteTitle "II"]
[BlackTitle "II"]
[WhiteElo "1515"]
[BlackElo "1386"]

1. b4 e6 2. Bb2 Nf6 3. a3 c5 4. b5 d5 5. e3 b6 6. Nf3 Bd6 7. c4 Bb7 8. d4 Nbd7
9. Nbd2 Qc7 10. h3 O-O 11. Be2 Rfc8 12. Rc1 Qd8 13. O-O Qe7 14. a4 Rc7 15. Ne5
Rac8 16. Bd3 Nf8 17. Ng4 Nxg4 18. Qxg4 Ng6 19. f4 f5 20. Qg3 Qh4 21. Qxh4 Nxh4
22. g3 Ng6 23. Kf2 Re8 24. Rfe1 Kf7 25. Re2 Ree7 26. cxd5 Bxd5 27. e4 fxe4 28.
Bxe4 cxd4 29. Bxd5 Rxc1 30. Bxe6+ Rxe6 31. Bxc1 Rxe2+ 32. Kxe2 Ke6 33. Kd3 Bc5
34. Ke4 Ne7 35. Nb3 Nf5 36. g4 Nd6+ 37. Kd3 Kd5 38. Bb2 Nc4 39. Ba1 g6 40. Nxd4
Bxd4 41. Bxd4 Nd6 42. h4 Nc4 43. f5 Ne5+ 44. Bxe5 Kxe5 45. fxg6 hxg6 46. Ke3 Ke6
47. Ke4 Ke7 48. Ke5 Kf7 49. h5 g5 50. Kf5 Ke7 51. Kxg5 Kd6 52. h6 Kc5 53. h7 Kb4
54. h8=Q Kxa4 55. Qb2 Ka5 56. Kf5 a6 57. bxa6 Kxa6 58. Qb4 1-0

[Event "Mistrzostwa Miedzywojewodzkie Juniorek OP-SL D 15"]
[Site "Szczyrk"]
[Date "2012-10-21"]
[Round "7.3"]
[White "Sendobry, Anna"]
[Black "Szablicka, Magda"]
[Result "0-1"]
[WhiteTitle "II"]
[BlackTitle "II"]
[WhiteElo "1328"]
[BlackElo "1443"]

1. e4 e5 2. Nf3 Nc6 3. Bb5 Nf6 4. O-O d6 5. Re1 Bd7 6. c3 a6 7. Ba4 b5 8. Bc2 Bg4
9. d4 exd4 10. cxd4 Bxf3 11. gxf3 Rb8 12. Bf4 Be7 13. Kh1 O-O 14. Nc3 Nh5 15.
Bg3 Nxg3+ 16. fxg3 Bf6 17. Ne2 Re8 18. a3 Na7 19. Qd3 g6 20. Rad1 c5 21. Qe3 Qb6
22. b4 c4 23. Qd2 Rbc8 24. d5 Bg7 25. Nd4 Qd8 26. Qe3 Qf6 27. Rf1 Qe7 28. Rfe1
Rc7 29. a4 Rec8 30. axb5 Bxd4 31. Qxd4 Nxb5 32. Qb6 Qf6 33. Kg2 Qb2 34. Re2 Nc3
35. Rdd2 Nxe2 36. Rxe2 c3 37. Qxd6 Rb7 38. Qxa6 Rcb8 39. Bd3 Qxb4 40. Qa1 Qd4
41. Qa6 Rb6 42. Qc4 Rb4 43. Qxd4 Rxd4 44. Bc2 Rb2 45. Kf2 Rd2 46. Rxd2 cxd2 47.
Ke2 Rxc2 48. Kd1 Ra2 49. d6 Kf8 50. e5 Ke8 51. f4 Kd7 52. h3 h5 53. h4 Ra3 54.
Kxd2 Rxg3 55. Ke2 Rh3 56. Kf2 Rxh4 57. Ke3 Rg4 58. Kf3 g5 59. fxg5 Rxg5 0-1

[Event "Mistrzostwa Miedzywojewodzkie Juniorek OP-SL D 15"]
[Site "Szczyrk"]
[Date "2012-10-21"]
[Round "7.4"]
[White "Grzesiek, Wiktoria"]
[Black "Binkowska, Agata"]
[Result "0-1"]
[WhiteTitle "II"]
[BlackTitle "I"]
[WhiteElo "1376"]
[BlackElo "1588"]

1. e4 e6 2. d4 d5 3. e5 c5 4. c3 Nc6 5. Nf3 Qb6 6. Bd3 cxd4 7. cxd4 Bd7 8. Nc3
Nxd4 9. Nxd4 Qxd4 10. O-O Qb6 11. a4 Bb4 12. Nb5 Ne7 13. Be3 Qa5 14. Rc1 O-O 15.
f4 a6 16. Rf3 axb5 17. Bxh7+ Kxh7 18. Rh3+ Kg8 19. Qh5 f6 20. exf6 Rxf6 21. Bd4
Rg6 22. Qe5 Nf5 23. Kh1 Nxd4 24. Qxd4 e5 25. Qxd5+ Be6 26. Qxe5 Bxh3 27. gxh3
bxa4 28. Qe4 Qb6 29. Qc4+ Kh8 30. f5 Qc6+ 31. Qxc6 Rxc6 0-1